2023 MLB Season - Statistics

General Stats
  • This quiz has been taken 122 times
    121 since last reset
  • The average score is 13 of 24
Answer Stats
Hint Answer % Correct
World Series Winner Texas Rangers
91%
Loser Arizona Diamondbacks
86%
AL MVP Shohei Ohtani
84%
Team Moving To Las Vegas Oakland A's
77%
Rookie Phenom For Cincinnati Reds Elly De La Cruz
70%
Rays Shortstop That Got Arrested Wander Franco
69%
Almost Got To A .400 Batting Average Luis Arraez
64%
Highest Pay Roll New York Mets
63%
NL MVP Ronald Acuna Jr.
58%
Star Pitchers Traded By ^ Max Scherzer
50%
Knocked Out By ^ Tim Anderson
50%
The Boxer Jose Ramirez
48%
Roberto Clemente Award Winner Aaron Judge
47%
Home Run Derby Champion Vladimir Guerrero Jr.
47%
Justin Verlander
46%
Blue Jays Pitcher Who Struggled Alek Manoah
45%
MLB Star Who Played His Last Season Miguel Cabrera
45%
Gerrit Cole
44%
Rookie of the Year Winners Corbin Carroll
38%
Cy Young Winners Blake Snell
34%
Gunnar Henderson
34%
All-Star Game MVP Elias Diaz
32%
Fernando Tatis Jr.
20%
Platinum Glove Winners Andres Gimenez
10%
No matching quizzes found
Score Distribution
Percent of People with Each Score
Percentile by Number Answered
Your Score History
You have not taken this quiz since the last reset